000 00316nam a22001337a 4500
008 170829b xxu||||| |||| 00| 0 eng d
020 _a2901604266008
041 _aeng
080 _a070
100 _a39
101 _aMED
245 _aMASS COMMUNICATION LIVING INN A MEDIA
_cHANSON.R E
942 _2udc
_cBK
999 _c25351
_d25351